Re-thinking Dionysius the Areopagite : (Record no. 603926)

MARC details
000 -LEADER
fixed length control field 00510nam a2200193 a 4500
008 - FIXED-LENGTH DATA ELEMENTS--GENERAL INFORMATION
fixed length control field 251218s2009##################000#0#eng##
020 ## - INTERNATIONAL STANDARD BOOK NUMBER
ISBN 9781405180894
082 04 - DEWEY DECIMAL CLASSIFICATION NUMBER
Classification number 230.14092
Item number COA
100 1# - MAIN ENTRY--AUTHOR NAME
Personal name Coakley, Sarah,
245 10 - TITLE STATEMENT
Title Re-thinking Dionysius the Areopagite :
260 ## - PUBLICATION, DISTRIBUTION, ETC. (IMPRINT)
Name of publisher John Wiley & Sons,
Year of publication 2009.
300 ## - PHYSICAL DESCRIPTION
Number of Pages 241 pages
650 #0 - SUBJECT ADDED ENTRY--TOPICAL TERM
Topical Term Religion.
942 ## - ADDED ENTRY ELEMENTS (KOHA)
Koha item type English Books
Holdings
Withdrawn status Lost status Damaged status Not for loan Home library Current library Shelving location Date acquired Full call number Accession Number Price effective from Koha item type
        Anna Centenary Library Anna Centenary Library 3RD FLOOR, B WING 22.12.2025 230.14092 COA 131448 22.12.2025 English Books

Find us on the map